[Event "CZE-chT2B 2223"]
[Site "Czech Republic"]
[Date "2023.02.19"]
[Round "9.7"]
[White "Hejsek, Lukas"]
[Black "Semerdziev, Stefan"]
[Result "1/2-1/2"]
[WhiteElo "2025"]
[BlackElo "1926"]
[PlyCount "85"]
[EventDate "2022.10.16"]
[EventType "team-tourn"]
[EventRounds "11"]
[EventCountry "CZE"]
[SourceTitle "EXT 2024"]
[Source "ChessBase"]
[SourceDate "2023.10.10"]
[SourceVersion "1"]
[SourceVersionDate "2023.10.10"]
[SourceQuality "1"]
[WhiteTeam "Bohemians"]
[BlackTeam "Litomerice III"]
[WhiteTeamCountry "CZE"]
[BlackTeamCountry "CZE"]

1. d4 d5 2. Nf3 Nf6 3. c4 c6 4. g3 Bf5 5. Nc3 e6 6. Nh4 Bg6 7. Qb3 Qc8 8. Bf4 Nbd7 9. Nxg6 hxg6 10. Bg2 Be7 11. Rc1 dxc4 12. Qxc4 Nb6 13. Qb3 0-0 14. a4 Nbd5 15. Bg5 Qd7 16. 0-0 Nxc3 17. bxc3 Nd5 18. Bd2 Rab8 19. e4 Nc7 20. Bf4 Bd6 21. Be3 b6 22. e5 Be7 23. c4 a5 24. Rfd1 Bb4 25. Qc2 Rfc8 26. Qe4 Na6 27. Qg4 Qe8 28. h4 Bf8 29. Be4 c5 30. Kg2 cxd4 31. Bxd4 Nc5 32. Bxc5 Rxc5 33. f4 Rd8 34. Qe2 Rdc8 35. Rh1 Qxa4 36. h5 Rxc4 37. hxg6 fxg6 38. Rxc4 Qxc4 39. Bd3 Qd5+ 40. Be4 Qc4 41. Bd3 Qd5+ 42. Be4 Qc4 43. Bd3 1/2-1/2

[Event "CZE-chT2B 2223"]
[Site "Czech Republic"]
[Date "2023.01.08"]
[Round "6.8"]
[White "Kosek, Lubomir"]
[Black "Semerdziev, Stefan"]
[Result "1/2-1/2"]
[WhiteElo "1718"]
[BlackElo "1926"]
[PlyCount "37"]
[EventDate "2022.10.16"]
[EventType "team-tourn"]
[EventRounds "11"]
[EventCountry "CZE"]
[SourceTitle "EXT 2024"]
[Source "ChessBase"]
[SourceDate "2023.10.10"]
[SourceVersion "1"]
[SourceVersionDate "2023.10.10"]
[SourceQuality "1"]
[WhiteTeam "Karlovy Vary"]
[BlackTeam "Litomerice III"]
[WhiteTeamCountry "CZE"]
[BlackTeamCountry "CZE"]

1. e4 d5 2. exd5 Qxd5 3. Nc3 Qa5 4. d4 c6 5. Bd2 Bf5 6. Ne4 Qc7 7. Ng3 Bg6 8. Nf3 Nd7 9. Bc4 e6 10. 0-0 Ngf6 11. Re1 Bd6 12. Bc3 Rd8 13. Bd3 0-0 14. Bxg6 hxg6 15. Qe2 Nb6 16. Ba5 Qe7 17. a3 Bc7 18. Bb4 Bd6 19. Ba5 1/2-1/2